| 000 | 02946nam0a2200409 4500 | ||
|---|---|---|---|
| 001 | RU\NLR\BIBL_A\011363428 | ||
| 005 | 20250626052705.0 | ||
| 010 |
_a978-5-91458-153-1 _9500 |
||
| 021 |
_aRU _b2017-16811 _91244 |
||
| 035 | _a(RuMoRGB)008819882 | ||
| 035 | _a(NLR Aleph) 011363428 | ||
| 090 |
_a11310898 _c11310898 |
||
| 100 | _a20170407d2016 |||y0rusy50 ca | ||
| 101 | 0 | _arus | |
| 102 | _aRU | ||
| 105 | _aab||z|||000zy | ||
| 200 | 1 |
_aГеолого-тектонические модели территории исследования с позиции концепции структур центрального типа (на примере вала Карпинского и Прикаспийской впадины) _e[монография _fХарченко Владимир Михайлович, доктор геолого-минералогоических наук, профессор, Сангаджиев Мерген Максимович, кандидат геолого-минералогических наук, доцент, Дорджиев Анатолий Григорьевич, кандидат технических наук, доцент, Дорджиев Анатолий Анатольевич] _gМинистерство образования и науки Российской Федерации, Федеральное государственное бюджетное образовательное учреждение высшего образования "Калмыцкий государственный университет имени Б.Б. Городовикова" |
|
| 210 |
_aЭлиста _cИзд-во Калмыцкого университета _d2016 |
||
| 215 |
_a102, [1] с. _cил., карт. _d20 |
||
| 300 | _aАвт. указаны в конце кн. | ||
| 320 | _aБиблиогр.: с. 100-102 (33 назв.) | ||
| 607 |
_aКарпинского вал _xТектоника _91216371 _3RU\NLR\AUTH\66176060 |
||
| 607 |
_aПрикаспийская синеклиза _xТектоника _91959320 _3RU\NLR\AUTH\66896745 |
||
| 686 |
_aД9(2Р355.7)39,0 _2rubbk |
||
| 686 | 1 | _aД399(2Р37-4Р) | |
| 686 | 1 | _aД399(2Р355.7) | |
| 701 | 1 |
_7ca _8rus _aХарченко _bВ. М. _cд-р геол.-минерал. наук _gВладимир Михайлович _9172856 _3RU\NLR\AUTH\770172907 |
|
| 701 | 1 |
_aСангаджиев _bМ. М. _gМерген Максимович |
|
| 701 | 1 |
_aДорджиев _bА. Г. _gАнатолий Григорьевич |
|
| 701 | 1 |
_aДорджиев _bА. А. _gАнатолий Анатольевич |
|
| 712 | 0 | 2 |
_4475 _aКалмыцкий государственный университет им. Б. Б. Городовикова _cЭлиста _92654791 _3RU\NLR\AUTH\880622423 |
| 942 | _cBOOK | ||
| 980 | _aNBR | ||
| 980 | _aNB | ||